000 00799nam a2200193Ii 4500
003 JO-AjNU
008 230605s9999||||xx |||||||||||||| ||und||
040 _aJO-AjNU
_bara
_erda
_cJO-AjNU
041 _aara
050 1 4 _aLB2529.J3 2008
100 3 _aالزغول،حامد إعداد/أبو زينب،خليل إعداد/حتر،كميلي أديب,
_eauthor
_947384
245 0 0 _aالجامعة الأردنية القوانين والأنظمة والتعليمات 2008 (يضم التشريعات وتعديلاتها حتى 26/5/2008)
264 3 1 _aعمان:الجامعة الأردنية،2008
300 _a942ص
336 _atext
_btxt
_2rdacontent
337 _aunmediated
_bn
_2rdamedia
338 _avolume
_bnc
_2rdacarrier
650 4 _aجامعات-قوانين-الأردن
_947385
999 _aA20681
_c24249
_d24249